00953 a2200193 45000010006000000050017000060080041000230030015000640400040000790800104001192450024002230200022002472640033002693000019003025050306003210410008006271000026006358560098006614119620260407155706.0260407a2010 arg spa dAR-UNSa-BCEJYS aAR-UNSa-BCEJYSbspacAR-UNSa-BCEJYS a347.736xQuiebra. Insolvencia. Suspensión de pagos. Bancarrota, procedimientos. Derecho Concursal10aExclusión de voto a978-950-894-810-6 1aBuenos Aires :bAD-HOCc2010 a108 p.c18 cm. a1. Introducción - 2. El derecho a votar - 3. El art. 45 de la L.C.Q. - 4. Supuestos no comprendidos en el art. 45 de la L.C.Q. - 5. Cuestiones procesales - 6. La exclusión de voto: ¿un arma de doble filo? - 7. Conclusiones. La necesidad de una interpretación adecuada de la Ley y de una reforma aspa1 aRoggero, Francisco J.41uhttps://biblioeco.unsa.edu.ar/pmb/images/libros/L126432_01.jpgyImagen de portadaqimage/jpeg